000 01138nam a22002777a 4500
005 20180301102924.0
010 _a1617EN ENG-117471
020 _c1195.00
_a9780198787334
020 _c1295.00 (AV)
_a9780198787334
035 _aB-650160-170
035 _aEN-101003
035 _aB-664936
037 _bUppal
_adpl
037 _bDBAD/PUB
082 _a342.54
245 _aThe oxford handbook of the Indian constitution /
_cedited by Sujit Choudhry, Madhav khosla [and] Pratap Bhanu Mehta
260 _aNew Delhi
_bOxford University Press
_c2016
270 _aYMCA Library Building, 1, Jai Singh Road,
_bNew Delhi
_e110001
300 _a1048p.
_c24cm(pbk)
700 _aChoudhry, Sujit
700 _a Khosla, Madhav
700 _aMehta, Pratap Bhanu
942 _2ddc
_cEN
_h342.54
_mOXF
999 _c101822
_d101822